Normal view
MARC view
Entry Personal Name
001 - CONTROL NUMBER
- control field: 49170
003 - CONTROL NUMBER IDENTIFIER
- control field: dpl
005 - DATE AND TIME OF LATEST TRANSACTION
- control field: 20120616112024.0
008 - FIXED-LENGTH DATA ELEMENTS
- fixed length control field: 120616|||a|||||| | ||| d
040 ## - CATALOGING SOURCE
- Original cataloging agency: dpl
- Transcribing agency: dpl
100 ## - HEADING--PERSONAL NAME
- Personal name: शर्मा, एस.के.
670 ## - SOURCE DATA FOUND
- Source citation: Work cat.: (dpl): शर्मा, एस.के., स्वमूत्र चिकित्सा /, 2003
670 ## - SOURCE DATA FOUND
- Source citation: Work cat.: (dpl): शर्मा, एस.के., स्वमूत्र चिकित्सा /, 2003
